Les plus gros succès Netflix - Mort Subite - Statistiques

Statistiques générales
  • Ce quiz a été pris 1 785 fois
    1 715 depuis la dernière actualisation
  • Le résultat moyen est 7 sur 18
Answers on the Grid
Answers color-coded by a green-red scale on the quiz's grid according to % correct below.
Squid Game
The rain
Dahmer
Mercredi
The OA
Bridgerton
Stranger Things
Dark
Locke & Key
La Casa de Papel
Game of Thrones
The Society
All of Us Are Dead
Outer Banks
Lupin
The Crown
Elite
Paranormal
13 Reasons Why
The Witcher
You
Prison Break
Sex Education
Ragnarok
The Diplomat
Away
Lucifer
The Haunting of Hill House
Qui à tué Sara ?
Narcos
Le jeu de la dame
 
Statistiques - réponses
Réponse % Correct
Squid Game
97%
Mercredi
70%
Stranger Things
64%
La Casa de Papel
55%
Bridgerton
50%
Dahmer
42%
Elite
38%
Outer Banks
34%
You
33%
Sex Education
32%
Lupin
31%
13 Reasons Why
30%
Lucifer
24%
The Crown
24%
Le jeu de la dame
23%
Narcos
19%
The Witcher
17%
All of Us Are Dead
11%
Aucun quiz correspondant
Distribution des résultats
% des personnes avec chaque résultat
Percentile par nombre de réponses
Votre historique - résultats
Vous n’avez pas pris ce quiz depuis la dernière actualisation